| 000 -LEADER |
| fixed length control field |
00397nam a2200133 4500 |
| 020 ## - INTERNATIONAL STANDARD BOOK NUMBER |
| ISBN |
9780273688891 |
| 050 ## - LIBRARY OF CONGRESS CALL NUMBER |
| Classification number |
Z716.3 |
| 100 ## - MAIN ENTRY--AUTHOR NAME |
| Personal name |
TENCH, Ralph and YEOMANS, Liz |
| 245 ## - TITLE STATEMENT |
| Title |
Exploring public relations |
| 260 ## - PUBLICATION, DISTRIBUTION, ETC. (IMPRINT) |
| Place of publication |
Harlow, England |
| Name of publisher |
Prentice Hall. Financial Times |
| Year of publication |
2006 |
| 300 ## - PHYSICAL DESCRIPTION |
| Number of Pages |
641p. |
| Other physical details |
xxx, :ill., includes bibliographical references and index |
| 650 ## - SUBJECT ADDED ENTRY--TOPICAL TERM |
| Topical Term |
public relations |
| 942 ## - ADDED ENTRY ELEMENTS (KOHA) |
| Koha item type |
Books |